000 00710nam a2200181 i 4500
001 20176
003 ES-MaACL
005 20230906152241.0
007 t|
008 021107s1973 sp ||||1| spa d
100 1 _aAguinaga, Enrique de.
_918800
245 1 0 _aInforme sobre la Falange de José Antonio :
_bconferencia pronunciada el 29 de octubre en... la Jefatura Provincial, con motivo del XXIX aniversario de la fundación de Falange Española /
_cEnrique Aguinaga.
260 _aLa Coruña :
_bJefatura Provincial del Movimiento,
_c[1973] (
_fGrafinsa)
300 _a58 p. ;
_c21 cm.
610 2 4 _aFalange Española.
_94083
710 2 _aMovimiento Nacional (España)
_95776
852 _aES-MaACL
_jC-53998
999 _c20176
_d20176